| 000 | 00684nam a22002057a 4500 | ||
|---|---|---|---|
| 003 | 0 | ||
| 005 | 20230818150243.0 | ||
| 008 | 230818b xxu||||| |||| 00| 0 eng d | ||
| 020 | _a978-621-427-140-5 | ||
| 050 |
_aHD 5549 _b.F67 2022 |
||
| 100 | _aFlores, Francisco Marivic | ||
| 245 |
_aMethods of research in business education _cMarivic Francisco Flores |
||
| 250 | _aSecond edition | ||
| 260 |
_aManila _bUnlimited Books Library Services & Publishing Inc. _cc2023 |
||
| 300 |
_aviii, 232 pages : _bill. ; _c23 cm. |
||
| 500 | _aResearch--Business Education. | ||
| 504 | _aIncludes bibliographical references. | ||
| 650 | _aResearch--Business Education. | ||
| 942 |
_2lcc _cBK |
||
| 999 |
_c365183 _d365183 |
||